| 000 | 00514nam a2200169 a 4500 | ||
|---|---|---|---|
| 005 | 20221118063532.0 | ||
| 008 | 991125s1927 mx 000 0 spa u | ||
| 035 | _aUPN01000035879 | ||
| 049 | _aLT | ||
| 050 | 4 |
_aLB1573 M6.2 _bR3.4 1927 |
|
| 100 | 1 | _aRamos, Carmen | |
| 245 | 1 | 0 |
_aLuz : _blibro de lectura para niñas de segundo año elemental / _cpor Carmen Ramos. |
| 260 |
_aMéxico : _bHerrero, _c1927. |
||
| 300 |
_a166 p. : _bil. |
||
| 650 | 4 |
_aLectura _xEstudio y enseñanza (Elemental) _92805 |
|
| 905 | _aLibro | ||
| 999 |
_c35879 _d35879 |
||